000 00368nam a2200145Ia 4500
005 20251222175928.0
008 251222s9999||||xx |||||||||||||| ||spa||
020 _a9786124218576
082 _a341/M43
100 _aMerino Acuña, Roger
245 0 _aJusticia Social y Economía en la Teoría del Derecho
250 _a1ra. ed.
264 _bPlestra
942 _cLIB
999 _c40919
_d40919